| 000 | 00481nam a2200133Ia 4500 | ||
|---|---|---|---|
| 008 | 170221s9999 xx 000 0 und d | ||
| 100 | _aNabeela Mushtaq | ||
| 245 | _aPARAMOUNT ROLE OF CORPORATE SOCIAL RESPONSIBILITY IN RETAINING EMPLOYEES AND CORPORATE REPUTATION: AN EXTRACT FROM PAKISTAN’S BANKING SECTOR | ||
| 245 | _cNabeela Mushtaq | ||
| 260 | _c2016 | ||
| 300 | _a12 : 42861 | ||
| 650 | _xBusiness | ||
| 856 | _uhttp://escijournals.net/index.php/JBF/article/view/457/249 | ||
| 999 |
_c313465 _d313465 |
||